000
00247nam a22001217a 4500
008
180115b xxu||||| |||| 00| 0 eng d
041
_a
eng
080
_a
316
100
_a
51
101
_a
SOC
245
_a
SOCIOLOGY
_c
Slatin,G
942
_2
udc
_c
BK
999
_c
40298
_d
40298